Growth externalities, unions, and long-term wage accords

Na minha lista:
Detalhes bibliográficos
Autor principal: Zagler, Martin
Formato: Livro
Idioma:inglês
Publicado em: San Domenico (FI) European University Institute 2001
Colecção:EUI Working paper ECO No. 2000/18
Assuntos:
Tags: Adicionar Tag
Sem tags, seja o primeiro a adicionar uma tag!

MARC

LEADER 00000nam a2200000 4500
001 c133180
005 20221124104534.8
041 0 |a eng 
044 |a IT 
245 1 0 |a Growth externalities, unions, and long-term wage accords  |c Martin Zagler 
264 1 |a San Domenico (FI)  |b European University Institute  |c 2001 
300 |a 22 s. 
490 1 |a EUI Working paper ECO  |v No. 2000/18 
830 0 |a EUI Working paper ECO  |v No. 2000/18 
610 2 0 |a rast hospodársky 
610 2 0 |a nezamestnanosť 
610 2 0 |a inovácia 
610 2 0 |a rovnováha 
610 2 0 |a modely rastu 
100 1 |a Zagler, Martin